000 02287cam a22001934a 4500
005 20250605164114.0
008 250528s ||||||||||||||||||||||||d
035 _a17987
020 _a9786188315655
040 _aGR-AtMCL
_bgre
_dGR-AtMCL
_eAACR2
245 1 _aΕμπορικό Δίκαιο
260 _bIus,
_c1993
300 _a900
520 _aΕισαγωγή: Το Εμπορικό Δίκαιο, Συστήματα Προσδιορισμού του Πεδίου Εφαρμογής του Εμπορικού Δίκαιου, Εμπορικές Πράξεις, Εμπορικές Πράξεις κατά το Αντικειμενικό Σύστημα (Αντικειμενικά Εμπορικές Πράξεις), Εμπορικές Πράξεις κατά το Υποκειμενικό Σύστημα (Υποκειμενικά Εμπορικές Πράξεις), Απόκτηση και Απόδειξη και Αποβολή της Εμπορικής Ιδιότητας, Κατηγορίες Εμπόρων, Εμπορική Ικανότητα και Ανικανότητα, Ασυμβίβαστα και Περιορισμοί και Απαγορεύσεις, Λογιστικό Σύστημα: Λογιστικά Αρχεία και Στοιχεία και Εμπορικά Βιβλία, Προσωπική Κράτηση, Η Εμπορική Δημοσιότητα, Η Προστασία του Καταναλωτή, Τραπεζικό Δάνειο, Δίκαιο Τραπεζικών Συμβάσεων (Εργασιών) Η Χρηματοδοτική Μίσθωση (Leasing), Η Δικαιόχρηση ή Δικαιοχρησία (Franchising), Δίκαιο Κεφαλαιαγοράς, Αγορές Χρηματοπιστωτικών Μέσων, Η Διαφήμιση, Αθέμιτος Ανταγωνισμός, Προστασία του Ελεύθερου Ανταγωνισμού, Επωνυμία, Αξιογραφικό Δίκαιο, Συναλλαγματική, Εταιρικό Δίκαιο, Ομόρρυθμη Εταιρία, Ετερόρρυθμη Εταιρία, Αφανής Εταιρία, Κοινοπραξία, Βιβλιογραφία.
700 1 _aΒελέντζας Ιωάννης Ε
_94311
942 _cBK
999 _c3381
_d3381